000
00280nam a2200109Ia 4500
008
190913s9999||||xx |||||||||||||| ||und||
100
_a
Scott Hawkins
245
0
_a
APACHE (web Server Administration & e-Commerce
260
_a
UK
_b
Prentice Hall
_c
1994
300
_a
370
942
_c
BK
999
_c
8280
_d
8280